30 most powerful countries by military rank - Statistics

General Stats
  • This quiz has been taken 413 times
  • The average score is 25 of 30
Answer Stats
Hint Answer % Correct
2. Russia 0.0714
99%
1. United States 0.0712
99%
3. China 0.0722
98%
5. United Kingdom 0.1435
98%
4. India 0.1025
97%
9. France 0.1848
96%
8. Japan 0.1711
95%
12. Brazil 0.2151
94%
25. Germany 0.3881
94%
6. South Korea 0.1505
94%
10. Italy 0.1973
92%
17. Iran 0.2712
91%
7. Pakistan 0.1694
91%
21. Spain 0.3556
90%
27. Canada 0.3956
89%
16. Australia 0.2567
88%
11. Turkey 0.2016
88%
14. Egypt 0.2224
87%
18. Israel 0.2757
86%
15. Ukraine 0.2516
86%
22. Saudi Arabia 0.3626
84%
13. Indonesia 0.2221
83%
20. Poland 0.3406
82%
28. Argentina 0.4243
80%
19. Vietnam 0.2855
70%
24. Thailand 0.3738
69%
30. Greece 0.4621
67%
26. Algeria 0.3911
62%
23. Taiwan 0.3639
59%
29. Singapore 0.4613
38%
No matching quizzes found
Score Distribution
Percent of People with Each Score
Percentile by Number Answered
Your Score History
You have not taken this quiz